000 00557aas a2200205 4500
999 _c1988
_d1988
003 BR-BrBNA
005 20230317233352.0
007 ta
008 230119b bl ||||| |||| 00| 0 por d
035 _a000485-5
040 _aBR-BrBNA
_bPor
_cBR-BrBNA
042 _aN
044 _abl
245 _aBoletim da Carteira de Exportação e Importação (Brazil)
260 _aRio de Janeiro-RJ
_bBanco do Brasil S/A
_c1948. Data final de publicação em 1950
_eBRJ
310 _amensal
505 _a1948-50 1-2(1-24);
909 _a56
_bSergio Santos
_c56
_dSergio Santos
942 _cCR
_2AGRIS